000
00210 a2200097 4500
001
3349
100
_a
Pringle, P
245
_a
Great discoverers in modern science
260
_a
_b
Harap
_c
090
_c
2627
_d
2627
942
_a
NUST-CAE
_c
M
_c
18080
999
_c
238422
_d
238422